| 000 | 00476cam a2200181ua 4500 | ||
|---|---|---|---|
| 001 | 2165 | ||
| 008 | 110804n ii |||gr||||Z||||||asm | ||
| 040 | _cMAIN | ||
| 082 | _a370.1 | ||
| 100 |
_aBaruah, Jatin, _eAuthor. |
||
| 245 | 1 |
_aPrarambhik Sikshatattva aru buranjee _cby Jatin Baruah |
|
| 250 | _a6th. | ||
| 260 |
_aGuahati: _bLawyers book stall,996. |
||
| 300 |
_avi; 202p: _c23cm. |
||
| 653 | _aEducation | ||
| 653 | _aPrarambhik Sikshatattva aru buranjee | ||
| 942 | _cBK | ||
| 999 |
_c2033 _d2033 |
||